What mad pursuit : (Record no. 626)

000 -LEADER
fixed length control field 01210nam a22003737a 4500
001 - CONTROL NUMBER
control field 4330912
003 - CONTROL NUMBER IDENTIFIER
control field OSt
005 - DATE AND TIME OF LATEST TRANSACTION
control field 20210421060414.0
008 - FIXED-LENGTH DATA ELEMENTS--GENERAL INFORMATION
fixed length control field 880609s1988 nyuaf 001 0aeng
010 ## - LIBRARY OF CONGRESS CONTROL NUMBER
LC control number 88047693
020 ## - INTERNATIONAL STANDARD BOOK NUMBER
International Standard Book Number 0465091377
040 ## - CATALOGING SOURCE
Original cataloging agency eng
Transcribing agency DLC
Modifying agency eng
Language of cataloging eng
041 ## - LANGUAGE CODE
Language code of text/sound track or separate title eng
043 ## - GEOGRAPHIC AREA CODE
Geographic area code e-uk-en
050 00 - LIBRARY OF CONGRESS CALL NUMBER
Classification number QH31.C85
Item number A3 1988
080 ## - UNIVERSAL DECIMAL CLASSIFICATION NUMBER
Universal Decimal Classification number 61 (09)
Item number C-89
082 00 - DEWEY DECIMAL CLASSIFICATION NUMBER
Classification number 574.19/1/0924
-- B
Edition number 19
100 1# - MAIN ENTRY--PERSONAL NAME
Personal name Crick, Francis,
Dates associated with a name 1916-2004.
245 10 - TITLE STATEMENT
Title What mad pursuit :
Remainder of title a personal view of scientific discovery /
Statement of responsibility, etc. Francis Crick.
260 ## - PUBLICATION, DISTRIBUTION, ETC.
Place of publication, distribution, etc. New York :
Name of publisher, distributor, etc. Basic Books,
Date of publication, distribution, etc. c1988.
300 ## - PHYSICAL DESCRIPTION
Extent xiii, 182 p., [8] p. of plates :
Other physical details ill. ;
Dimensions 24 cm.
365 ## - TRADE PRICE
Price amount 16.95 usd
440 #0 - SERIES STATEMENT/ADDED ENTRY--TITLE
Title Alfred P. Sloan Foundation series
500 ## - GENERAL NOTE
General note Includes index.
600 10 - SUBJECT ADDED ENTRY--PERSONAL NAME
Personal name Crick, Francis,
Dates associated with a name 1916-2004.
650 #0 - SUBJECT ADDED ENTRY--TOPICAL TERM
Topical term or geographic name entry element Molecular biology
General subdivision History.
650 #0 - SUBJECT ADDED ENTRY--TOPICAL TERM
Topical term or geographic name entry element History of Medicine
9 (RLIN) 335
650 #0 - SUBJECT ADDED ENTRY--TOPICAL TERM
Topical term or geographic name entry element Biologists
Geographic subdivision England
Form subdivision Biography.
650 #0 - SUBJECT ADDED ENTRY--TOPICAL TERM
Topical term or geographic name entry element Physicists
Geographic subdivision England
Form subdivision Biography.
653 ## - INDEX TERM--UNCONTROLLED
Uncontrolled term მედიცინის ისტორია
653 ## - INDEX TERM--UNCONTROLLED
Uncontrolled term მოლეკულური ბიოლოგია
906 ## - LOCAL DATA ELEMENT F, LDF (RLIN)
a 7
b cbc
c orignew
d 1
e ocip
f 19
g y-gencatlg
942 ## - ADDED ENTRY ELEMENTS (KOHA)
Source of classification or shelving scheme
Koha item type Books
Holdings
Withdrawn status Lost status Source of classification or shelving scheme Damaged status Not for loan Permanent location Current location Date acquired Inventory number Total Checkouts Full call number Barcode Date last seen Price effective from Koha item type
          Ken Walker International University Ken Walker International University 12/14/2020 773   61 (09) C-89 773 12/14/2020 12/14/2020 Books

Powered by Koha